LEADER 00887cam0 2200265 450 001 E600200043624 005 20210315082415.0 100 $a20090107d2005 |||||ita|0103 ba 101 $aita 102 $aIT 200 1 $a<>lato oscuro della democrazia$ealle radici della violenza etnica$fMichael Mann 210 $aMilano$cEgea$d2005 215 $aX, 691 p.$d23 cm 225 2 $anuovi classici 410 1$1001LAEC00025985$12001 $aI *nuovi classici 700 1$aMann$b, Michael$3A600200032442$4070$0374903 801 0$aIT$bUNISOB$c20210315$gRICA 850 $aUNISOB 852 $aUNISOB$j300$m141299 912 $aE600200043624 940 $aM 102 Monografia moderna SBN 941 $aM 957 $a300$b004281$gSI$d141299$racquisto$1pomicino$2UNISOB$3UNISOB$420090107100317.0$520190913115650.0$6Spinosa 996 $aLato oscuro della democrazia$9242138 997 $aUNISOB